Personnages d'anime (manga) en images - T - Statistiques

Statistiques générales
  • Ce quiz a été pris 152 fois
    133 depuis la dernière actualisation
  • Le résultat moyen est 3 sur 20
Statistiques - réponses
Par images Réponse % Correct
Toge Inumaki
66%
Thorkell
49%
Tamaki Kotatsu
35%
Tetsuro Kuro
35%
Tanya Degurechaff
30%
Tooru/Tohru Honda
30%
Tetsuya Nigo
27%
Tatsumi
21%
Tsunayoshi Sawada
12%
Tatsuma Ushiyama
10%
Tatsuya Fukuda
9%
Takina Inoue
5%
Tomoe
5%
Toshiro Hijikata
5%
Treyni
4%
Terunori Kuga
3%
Toyohisa Shimazu
1%
Takatoshi Tsuda
0%
Togame
0%
Tuka Luna Marceau
0%
Aucun quiz correspondant
Distribution des résultats
% des personnes avec chaque résultat
Percentile par nombre de réponses
Votre historique - résultats
Vous n’avez pas pris ce quiz depuis la dernière actualisation